书目信息 |
| 题名: |
无限寥廓的宇宙
|
|
| 作者: | 赵君亮 主编 | |
| 分册: | ||
| 出版信息: | 上海 上海科学技术文献出版社 2005 |
|
| 页数: | 247页 | |
| 开本: | 25cm | |
| 丛书名: | 《原来如此》丛书 | |
| 单 册: | ||
| 中图分类: | P159-49 | |
| 科图分类: | ||
| 主题词: | 宇宙学--普及读物 | |
| 电子资源: | ||
| ISBN: | 7-5439-2572-9 | |
| 000 | 00975nam0 2200265 450 | |
| 001 | TS-207888 | |
| 005 | 20061207150404.73 | |
| 010 | @a7-5439-2572-9@dCNY30.00 | |
| 100 | @a20060829d2005 em y0chiy0110 ea | |
| 101 | 0 | @achi |
| 102 | @aCN@b310000 | |
| 105 | @aa z 000yy | |
| 200 | 1 | @a无限寥廓的宇宙@Awu xian liao kuo de yu zhou@f赵君亮主编@FZhao Jun Liang Zhu Bian |
| 210 | @a上海@c上海科学技术文献出版社@d2005 | |
| 215 | @a247页@c照片,图@d25cm | |
| 225 | 0 | @a《原来如此》丛书 |
| 300 | @a上海科普创作出版专项资金资助 | |
| 308 | @a丛书原题:科学原来如此丛书 | |
| 330 | @a本书概要而又比较全面地介绍了近代天文学的一些主要内容。从人类所居住的地球出发,涉及月球、行星、彗星、流星、太阳、宇宙等,其间插入一些重要的相关知识、历史掌故等。 | |
| 410 | 0 | @1001002935518@12001 @a《原来如此》丛书 |
| 606 | 0 | @a宇宙学@x普及读物 |
| 690 | @aP159-49@v4 | |
| 701 | 0 | @a赵君亮@Azhao jun liang@f(1942~)@4主编 |
| 801 | 0 | @aCN@b中图数据@c20061207 |
| 905 | @a10447@dP159-49@e134 | |
| 无限寥廓的宇宙/赵君亮主编.-上海:上海科学技术文献出版社,2005 |
| 247页:照片,图;25cm.-(《原来如此》丛书) |
| 上海科普创作出版专项资金资助 |
| ISBN 7-5439-2572-9:CNY30.00 |
| 本书概要而又比较全面地介绍了近代天文学的一些主要内容。从人类所居住的地球出发,涉及月球、行星、彗星、流星、太阳、宇宙等,其间插入一些重要的相关知识、历史掌故等。 |
| ● |
| 相关链接 |
|
|
|
|
正题名:无限寥廓的宇宙
索取号:P159-49/134
 
预约/预借
| 序号 | 登录号 | 条形码 | 馆藏地/架位号 | 状态 | 备注 |
| 1 | 0601727 | 206017273 | 第二样本阅览室/ [索取号:P159-49/134] | 在馆 | |
| 2 | 0601728 | 206017282 | 第三借阅区/ [索取号:P159-49/134] | 在馆 | |
| 3 | 0601729 | 206017291 | 第三借阅区/ [索取号:P159-49/134] | 在馆 |